000
00383nam a22001697a 4500
003
MPLRDC
005
20220104143234.0
008
210129b ||||| |||| 00| 0 eng d
082
_a
857.6 YLY
100
_a
高洁著
245
_a
水中莲
_c
260
_a
_b
道声出版社
_c
1974
300
_b
平
490
_a
道声人人丛书;41
650
_a
942
_c
BK
_o
857.6 YLY
999
_c
37965
_d
37955